El Jardín Secreto

محفوظ في:
التفاصيل البيبلوغرافية
المؤلف الرئيسي: Burnett, Frances Hodgson (autor)
التنسيق: كتاب
اللغة:الإسبانية
منشور في: Santiago, Chile: Ediciones y Promociones del Sur Limitada, 2010
سلاسل:Clásicos Escolares
الموضوعات:
الوسوم: إضافة وسم
لا توجد وسوم, كن أول من يضع وسما على هذه التسجيلة!

MARC

LEADER 00000nam a2200000 a 4500
001 UCH8530
003 CL-VaPUC
005 20220616110802.0
008 091127e20041000CL |||||||||||||||||spa|d
999 |c 435592  |d 435590 
020 |a 978-956-8643-81-2 
040 |c Pontificia Universidad Católica de Valparaíso 
082 0 4 |a 823 BUR 2010  |2 21 
100 0 |a Burnett, Frances Hodgson  |e autor  |9 545115 
245 1 3 |a El Jardín Secreto 
260 |a Santiago, Chile:  |b Ediciones y Promociones del Sur Limitada,  |c 2010 
300 |a 103 páginas 
490 0 |a Clásicos Escolares 
500 |a c1. Donación Biblioteca Curauma. Recibido en GC 19/4/22 
505 |a Incluye manual de evaluación para padres y profesores 
583 |a last modification  |c 20091127 00:00:00  |k Catalogador Asistente 
650 0 |a Novelas inglesas  |9 265220 
650 0 |a Literatura inglesa  |9 312907 
942 |c BK  |2 ddc 
945 |d 1  |a 1 
952 |0 0  |1 0  |2 ddc  |4 0  |6 823_000000000000000_BUR_2010  |7 0  |8 A  |9 583025  |a BIBCUR  |b BIBCUR  |c GEN  |d 2022-05-12  |e Donación  |i 5651179  |o 823 BUR 2010  |p 5651179  |r 2025-04-22  |t 1  |w 2022-05-12  |y BK  |k CAC